Top 4 Concacaf Gold Cup - Statistics

General Stats
  • This quiz has been taken 621 times
    477 since last reset
  • The average score is 14 of 20
Answer Stats
Answer % Correct
United States
99%
Canada
98%
Mexico
98%
Costa Rica
92%
Jamaica
92%
Panama
92%
Honduras
91%
El Salvador
86%
El Salvador
86%
Guatemala
83%
Cuba
82%
Haiti
82%
Trinidad and Tobago
76%
Brazil
65%
Colombia
59%
Qatar
48%
Peru
46%
South Korea
23%
Guadeloupe
20%
Netherlands Antilles
12%
No matching quizzes found
Score Distribution
Percent of People with Each Score
Percentile by Number Answered
Your Score History
You have not taken this quiz since the last reset